Interpretativizmus a literárna veda

Súvislosti a odlišnosti medzi interpretativizmom ako metódou spoločenských vied a literárnovednou interpretáciou. Podstata interpretativistického programu v sociálnom poznaní a niektoré špecifiká literárnej interpretácie.

Salvato in:
Dettagli Bibliografici
Autore principale: Jančovič, Ivan
Natura: Capitolo di libro
Lingua:slovacco
Soggetti:
Tags: Aggiungi Tag
Nessun Tag, puoi essere il primo ad aggiungerne!!

MARC

LEADER 00000naa a2200000 4500
001 0224277
005 20161109140751.4
041 0 |a slo 
044 |a SK 
245 1 0 |a Interpretativizmus a literárna veda  |c Ivan Jančovič 
520 |a Súvislosti a odlišnosti medzi interpretativizmom ako metódou spoločenských vied a literárnovednou interpretáciou. Podstata interpretativistického programu v sociálnom poznaní a niektoré špecifiká literárnej interpretácie. 
610 2 0 |a filozofia 
610 2 0 |a vedy spoločenské 
610 2 0 |a humanizmus 
610 2 0 |a literatúra 
610 2 0 |a metódy poznania 
610 2 0 |a smery filozofické 
610 2 0 |a kategórie filozofické 
100 1 |a Jančovič, Ivan